Colette Fellous, Pièces détachées, Paris, Gallimard, 2017, 176 pages (notice n° 1605473)

détails MARC
000 -LEADER
fixed length control field 02444cam a2200181 4500500
005 - DATE AND TIME OF LATEST TRANSACTION
control field 20251228095052.0
041 ## - LANGUAGE CODE
Language code of text/sound track or separate title fre
042 ## - AUTHENTICATION CODE
Authentication code dc
100 10 - MAIN ENTRY--PERSONAL NAME
Personal name Le Moing, Monique
Relator term author
245 00 - TITLE STATEMENT
Title Colette Fellous, Pièces détachées, Paris, Gallimard, 2017, 176 pages
260 ## - PUBLICATION, DISTRIBUTION, ETC.
Date of publication, distribution, etc. 2018.<br/>
500 ## - GENERAL NOTE
General note 37
520 ## - SUMMARY, ETC.
Summary, etc. Les catastrophes aux conséquences sanitaires les plus importantes tiennent à des effets de milieu (suicides, accidents de la route, épidémies, etc.). L’analyse de leurs causes et de leurs impacts nécessite un appareillage statistique délicat à manipuler, car celui-ci réduit les existences des personnes à des données numéraires anonymes et à des catégories préétablies. Mais cette disparition des existences individuelles sous des aspects comptables permet, en revanche, d’avoir prise sur des aléas qui, à défaut, demeureraient disparates, sans possibilités de faire apparaître des facteurs communs, d’analyser ce qui les produit et leur confère une dimension globale.
520 ## - SUMMARY, ETC.
Summary, etc. Disasters which have the greatest sanitary impact are linked to circumstances (suicides, car crashes, contagious diseases, etc.) Analyzing their causes and their impacts calls for statistical equipment which can be difficult to use as it reduces people to anonymous data and commits them to prestablished categories. On the other hand, when individual lives vanish behind figures, researchers can have a better view of hazards which would otherwise remain disparate : they would not be able to reveal shared factors or to analyze either their causes or what gives them a global dimension.
520 ## - SUMMARY, ETC.
Summary, etc. As catástrofes de consequências mais devastadoras (suicídios, acidentes rodoviários, epidemias) são fortemente influenciadas pelo meio. Analisar as suas causas e os seus impactos implica o uso de ferramentas estatísticas de delicada manipulação, uma vez que reduzem a existência humana a meros dados numéricos e a simples categorias pré-estabelecidas. Este desaparecimento das existências individuais através da pura contabilidade permite, no entanto, contrariar a natureza aleatória e díspar dos acontecimentos, tornando possível o surgimento de denominadores comuns susceptíveis de uma análise à escala global.
786 0# - DATA SOURCE ENTRY
Note Sigila | 41 | 1 | 2018-06-01 | p. 160f-161f | 1286-1715
856 41 - ELECTRONIC LOCATION AND ACCESS
Uniform Resource Identifier <a href="https://shs.cairn.info/revue-sigila-2018-1-page-160f?lang=fr&redirect-ssocas=7080">https://shs.cairn.info/revue-sigila-2018-1-page-160f?lang=fr&redirect-ssocas=7080</a>

Pas d'exemplaire disponible.

PLUDOC

PLUDOC est la plateforme unique et centralisée de gestion des bibliothèques physiques et numériques de Guinée administré par le CEDUST. Elle est la plus grande base de données de ressources documentaires pour les Étudiants, Enseignants chercheurs et Chercheurs de Guinée.

Adresse

627 919 101/664 919 101

25 boulevard du commerce
Kaloum, Conakry, Guinée

Réseaux sociaux

Powered by Netsen Group @ 2025